000 00746nam a2200229 a 4500
001 000019075
003 UkOxU
005 20200929165920.0
008 880808s1966 sp 000 f spa d
020 _a8420659991
020 _a8420650102
040 _aDO-SdBNP
_bspa
_cBNPHU
082 _a946.06
_bP438
100 1 _aPérez Galdós, Benito,
_d1843-1920.
_93681
245 1 3 _aLa batalla de Los Arapiles /
_cBenito Pérez Galdós.
260 _aMadrid :
_bHernando ;
_bAlianza Editorial,
_c1966.
300 _a266 p. ;
_c18 cm.
490 1 _aEpisodios nacionales ;
_v1a ser., 10
650 4 _aEspaña
_xRevolución
_y1812
_941043
650 4 _aEspaña
_xHistoria
_xGuerra de independencia
_941044
651 4 _aEspaña
_xSalamanca (Estado{Rpara}
_941045
999 _c18593
_d18593